| 000 | 00905nam a22002537a 4500 | ||
|---|---|---|---|
| 999 |
_c4877 _d4877 |
||
| 003 | AR-CdUCM | ||
| 008 | 190311b ||||| |||| 00| 0 spa d | ||
| 020 | _a8432302978 | ||
| 040 |
_aMUNICIPALIDAD PROVINCIAL DEL CUSCO _cBIBLIOTECA MUNICIPAL DEL CUSCO |
||
| 082 |
_a301.350 / _bT93 |
||
| 100 |
_aTuñon de Lara, Manuel _914992 |
||
| 245 |
_aLuchas obreras y campesinas en la Andalucía de siglo XX : _bJaén 1917-1920 Sevilla 1930-1932 / |
||
| 260 |
_aEspaña : _bSiglo XXI, _c1978. |
||
| 300 |
_a297 páginas ; _bimágenes. _c20 cm. |
||
| 440 |
_aHistoria de los movimientos sociales _914993 |
||
| 505 | _aJaén y la coyuntura conflictiva 1917 -1920 -- Sevilla coyuntura y conflicto social... | ||
| 650 |
_aLuchas obreras. _914994 |
||
| 650 |
_aSevilla. _914995 |
||
| 650 |
_aJaén. _914996 |
||
| 650 |
_aAndalucía. _914997 |
||
| 650 |
_aMovimientos. _914998 |
||
| 942 |
_2ddc _cLIBROS |
||
| 945 | _awfj | ||